<?xml version="1.0" encoding="UTF-8"?>
<collection xmlns="http://www.loc.gov/MARC21/slim">
 <record>
  <leader>01456nam a2200229Ia 4500</leader>
  <controlfield tag="001">CTU_222095</controlfield>
  <controlfield tag="008">210402s9999    xx            000 0 und d</controlfield>
  <datafield tag="020" ind1=" " ind2=" ">
   <subfield code="c">24.50</subfield>
  </datafield>
  <datafield tag="082" ind1=" " ind2=" ">
   <subfield code="a">330.952</subfield>
  </datafield>
  <datafield tag="082" ind1=" " ind2=" ">
   <subfield code="b">S158</subfield>
  </datafield>
  <datafield tag="100" ind1=" " ind2=" ">
   <subfield code="a">Sakakibara, Eisuke</subfield>
  </datafield>
  <datafield tag="245" ind1=" " ind2="0">
   <subfield code="a">Beyond capitalism :</subfield>
  </datafield>
  <datafield tag="245" ind1=" " ind2="4">
   <subfield code="b">The Japanese model of market economics</subfield>
  </datafield>
  <datafield tag="245" ind1=" " ind2="0">
   <subfield code="c">Eisuke Sakakibara ; with an introduction by Clyde V. Prestowitz, Jr.</subfield>
  </datafield>
  <datafield tag="260" ind1=" " ind2=" ">
   <subfield code="a">Lanham, MD</subfield>
  </datafield>
  <datafield tag="260" ind1=" " ind2=" ">
   <subfield code="b">University Press of America</subfield>
  </datafield>
  <datafield tag="260" ind1=" " ind2=" ">
   <subfield code="c">1993</subfield>
  </datafield>
  <datafield tag="520" ind1=" " ind2=" ">
   <subfield code="a">Contents: Has Japan developed its own unique economic model? For years, Americans concerned about the Japanese economic challenge have heatedly debated this question. Now, a senior Japanese government official weighs in with a resounding 'Yes.' In this work, Eisuke Sakakibara of the powerful Japanese Finance Ministry describes the fundamental, structural differences between the American and Japanese economies, defends the Japanese approach, and warns that U.S. policies seeking to Americanize our strongest competitor are doomed to fail. This ground-breaking study is vital reading for anyone concerned about the world's two economic superpowers and the global economy being shaped by their rivalry. Co-published with the Economic Strategy Institute.</subfield>
  </datafield>
  <datafield tag="650" ind1=" " ind2=" ">
   <subfield code="a">Japan,Nhật Bản</subfield>
  </datafield>
  <datafield tag="650" ind1=" " ind2=" ">
   <subfield code="x">Economic conditions,Điều kiện kinh tế</subfield>
  </datafield>
  <datafield tag="904" ind1=" " ind2=" ">
   <subfield code="i">Tuyến</subfield>
  </datafield>
  <datafield tag="980" ind1=" " ind2=" ">
   <subfield code="a">Trung tâm Học liệu Trường Đại học Cần Thơ</subfield>
  </datafield>
 </record>
</collection>
